000 002330000a22000970004500
100 1 _aMiller, Randy
245 1 0 _aIn Uganda : Orphaned, but not abandoned
300 _aNúm 47 (1995), Páginas 14-17
773 0 _tTogether
942 _cANA
999 _c57210
_d57210